000 00812nam a2200229Ii 4500
003 JO-AjNU
008 230605s9999||||xx |||||||||||||| ||und||
017 _a2019/2/670
020 _a978-9957-00-733-1
040 _aJO-AjNU
_bara
_erda
_cJO-AjNU
041 _aara
050 1 4 _aLB1060.Z3442 2019
100 3 _aتاليف الزغول، عماد عبد الرحيم,
_eauthor
_960560
245 0 0 _aنظريات النعلم
250 _aالطبعة العربية الثانية: الاصدلر الاول
264 3 1 _aعمان: دار الشروق للنشر والتوزيع، 2019
300 _a295ص
336 _atext
_btxt
_2rdacontent
337 _aunmediated
_bn
_2rdamedia
338 _avolume
_bnc
_2rdacarrier
650 4 _aطرق التعلم-علم النفس- المجتمعات
_960561
999 _aA27315
_c30883
_d30883